Statistics for Celebrity Sex Tape Quiz

Click here to take the quiz!

General Stats

  • This quiz has been taken 2,991 times
    (2,988 since last reset)
  • The average score is 4 of 10

Answer Stats

Hint Answer % Correct
Her tape launched a reality TV show career.Kim Kardashian
83%
Blonde "heiress"Paris Hilton
82%
Former Baywatch babePamela Anderson
76%
Tiny star of Austin PowersVerne Troyer
33%
Ice skater famous for her "incident" involving Nancy KerriganTonya Harding
28%
Saved by the Bell characterDustin Diamond
23%
Daughter of famous Matrix actorMontana Fishburne
20%
Sweatin' to the oldies fitness guruGene Simmons
20%
West Wing starRob Lowe
12%
Ran for president, lost to Barack Obama for the Democratic party nominationJohn Edwards
8%

Score Distribution

Percentile by Number Answered

Percent of People with Each Score

Your Score History

You have not taken this quiz since the last reset